LEADER 01062cam2 22003131 450 001 SOBE00030241 005 20200728091737.0 010 $a8437605849 100 $a20130207d1995 |||||ita|0103 ba 101 $aspa 102 $aES 200 0 $a2 205 $a2. edición 210 $aMadrid$cEdiciones Cátedra, S.A.$d1995 215 $a274 p.$cill.$d18 cm 225 2 $aLetras Hispánicas$v241 410 1$1001LAEC00016135$12001 $a*Letras Hispánicas$v241 461 1$1001SOBE00030238$12001 $aJuan de Mairena / Antonio Machado ; edición de Antonio Fernández Ferrer 700 1$aMachado$b, Antonio$3AF00006387$4070$0132275 702 1$aFernández Ferrer, Antonio$3SOBA00005868$4070 801 0$aIT$bUNISOB$c20200728$gRICA 850 $aUNISOB 852 $aUNISOB$j860|Coll|4|K$m94317 912 $aSOBE00030241 940 $aM 102 Monografia moderna SBN 941 $aW 957 $a860|Coll|4|K$b000241$gSI$d94317$racquisto$tN$1vittorini$2UNISOB$3UNISOB$420130207122504.0$520200728091737.0$6Spinosa 996 $a2$91715984 997 $aUNISOB LEADER 01801nam 2200529 450 001 9910464790403321 005 20200520144314.0 010 $a0-85728-428-2 035 $a(CKB)3710000000083211 035 $a(EBL)3001968 035 $a(SSID)ssj0001336324 035 $a(PQKBManifestationID)11747958 035 $a(PQKBTitleCode)TC0001336324 035 $a(PQKBWorkID)11297035 035 $a(PQKB)10848983 035 $a(MiAaPQ)EBC3001968 035 $a(Au-PeEL)EBL3001968 035 $a(CaPaEBR)ebr10828259 035 $a(CaONFJC)MIL876033 035 $a(OCoLC)872671165 035 $a(EXLCZ)993710000000083211 100 $a20110420d2011 uy| 0 101 0 $aeng 135 $aurcnu|||||||| 181 $ctxt 182 $cc 183 $acr 200 00$aEdward FitzGerald's Ruba?iya?t of Omar Khayya?m $ea famous poem and its influence /$fedited by William H. Martin and Sandra Mason 210 1$aLondon ;$aNew York :$cAnthem Press,$d2011. 215 $a1 online resource (182 p.) 225 1 $aAnthem Nineteenth-Century 300 $aDescription based upon print version of record. 311 $a0-85728-770-2 320 $aIncludes bibliographical references and index. 327 $apart 1. Edward FitzGerald's Ruba?iya?t of Omar Khayya?m -- part 2. The Ruba?iya?t, its story and its influence -- part 3. Further notes and references. 410 0$aAnthem Nineteenth-Century 608 $aElectronic books. 676 $a891/.5511 701 $aMartin$b W. H$g(William Henry),$f1927-$0949609 701 $aMason$b Sandra$0949610 801 0$bMiAaPQ 801 1$bMiAaPQ 801 2$bMiAaPQ 906 $aBOOK 912 $a9910464790403321 996 $aEdward FitzGerald's Ruba?iya?t of Omar Khayya?m$92146401 997 $aUNINA